The Soviet Union and the Third World: (Record no. 588734)

000 -LEADER
fixed length control field 00498nam a22001817a 4500
003 - CONTROL NUMBER IDENTIFIER
control field NUST
005 - DATE AND TIME OF LATEST TRANSACTION
control field 20220311110517.0
008 - FIXED-LENGTH DATA ELEMENTS--GENERAL INFORMATION
fixed length control field 220311b ||||| |||| 00| 0 eng d
020 ## - INTERNATIONAL STANDARD BOOK NUMBER
International Standard Book Number 0-8014-9454-0
038 ## - RECORD CONTENT LICENSOR
Staff Name Muzammil SMME
082 ## - DEWEY DECIMAL CLASSIFICATION NUMBER
Classification number 327.4701
Author Mark THE
100 ## - MAIN ENTRY--PERSONAL NAME
Personal name Edited by Andrzej Korbonski.
9 (RLIN) 90576
245 ## - TITLE STATEMENT
Title The Soviet Union and the Third World:
Remainder of title the last three decades\
260 ## - PUBLICATION, DISTRIBUTION, ETC.
Place of publication, distribution, etc. Lahore
Name of publisher, distributor, etc. PAF Book Club
Date of publication, distribution, etc. 1987
300 ## - PHYSICAL DESCRIPTION
Extent xv,317.p.;
563 ## - BINDING INFORMATION
Binding note hardcover
942 ## - ADDED ENTRY ELEMENTS (KOHA)
Source of classification or shelving scheme
Koha item type Book
Holdings
Withdrawn status Lost status Source of classification or shelving scheme Damaged status Not for loan Permanent Location Current Location Shelving location Date acquired Total Checkouts Full call number Barcode Date last seen Price effective from Koha item type
          School of Mechanical & Manufacturing Engineering (SMME) School of Mechanical & Manufacturing Engineering (SMME) General Stacks 03/11/2022   327.4701 THE SMME-3694 03/11/2022 03/11/2022 Book
© 2023 Central Library, National University of Sciences and Technology. All Rights Reserved.